Countries with French military bases - Statistics

General Stats
  • This quiz has been taken 55 times
  • The average score is 5 of 9
Answer Stats
Continent Country % Correct
Africa Senegal
76%
Africa Djibouti
71%
Europe Germany
69%
Africa Niger
69%
Africa Chad
57%
Africa Ivory Coast
43%
Asia Lebanon
33%
Africa Gabon
31%
Asia United Arab Emirates
29%
No matching quizzes found
Score Distribution
Percent of People with Each Score
Percentile by Number Answered
Your Score History
You have not taken this quiz